| 000 | 00748nam a2200217Ia 4500 | ||
|---|---|---|---|
| 003 | GCL | ||
| 008 | 140319s9999 xx 000 0 ara d | ||
| 040 |
_aGCL / _cGCL |
||
| 082 | 0 | 4 |
_a001.5 _bم ا |
| 100 | 1 | _aمحمد حمدى | |
| 245 | 1 | 0 |
_aالاعلام والمعلومات: دراسة فى التوثيق الاعلامى / _cمحمد حمدى |
| 260 |
_aالقاهرة : _bمطابع الشرق الاوسط ، _c1995 |
||
| 300 |
_a171 ص ؛ _c24 سم |
||
| 490 |
_aسلسلة بحوث ودراسات تليفزيونية _v17 |
||
| 650 | 0 | 4 | _aالاعلام |
| 650 | 0 | 4 | _aوسائل الاعلام |
| 650 | 0 | 4 | _aالتوثيق |
| 650 | 0 | 4 | _aخدمات المعلومات |
| 650 | 0 | 4 | _aالمعلومات، علم |
| 942 |
_2ddc _cBK |
||
| 999 |
_c44404 _d44404 |
||